|
|
|
|
| LEADER |
00000nab a2200000 a 4500 |
| 001 |
vtls000609416 |
| 003 |
SK-MaSNL |
| 005 |
20260304095959.0 |
| 008 |
250425c1996 xo 0 slo |
| 015 |
|
|
|a SNBRB19rr/mm-uuuuu
|
| 035 |
|
|
|a CL0609555
|
| 035 |
|
|
|a urn:nbn:sk:snk-ab6lqi
|
| 035 |
|
|
|a (uuid)4bc9e969-c336-4fef-942e-c2c468b57e26
|
| 035 |
|
|
|a (urnnbn)urn:nbn:sk:snk:ar-005god
|
| 035 |
|
|
|a (sysno)vtls000609416
|
| 040 |
|
|
|a SNKBUCL
|b slo
|c SNKBUCL
|e AACR2
|
| 041 |
0 |
|
|a slo
|
| 044 |
|
|
|a xo
|c SK
|
| 080 |
|
|
|a 616.24-006.04
|2 1981
|
| 100 |
1 |
|
|a Chovan, Ladislav,
|d 1955-2008
|4 aut
|9 216166
|
| 245 |
1 |
0 |
|a Skríning difúznych pneumopatií pri malignitách
|c Ladislav Chovan
|
| 300 |
|
|
|b Tab. 6, res. angl., slov., lit. 21 zázn. v angl.
|
| 650 |
0 |
7 |
|a pneumopatia difúzna
|2 snkbucl
|9 997666
|
| 650 |
0 |
7 |
|a choroby malígne
|2 snkbucl
|9 991735
|
| 655 |
|
7 |
|a články z novín a časopisov
|2 snkbucl
|9 267496
|
| 773 |
0 |
|
|t Lekársky obzor
|g Roč. 45, č. 11 (1996), s. 303-306
|x 0457-4214
|
| 850 |
|
|
|a Slovenská národná knižnica
|
| 852 |
|
|
|a Slovenská národná knižnica
|
| 954 |
|
|
|a odborná, vedecká literatúra pôvodná (slovenská)
|2 lita
|
| 958 |
|
|
|a article2022
|
| 958 |
|
|
|a OND
|
| 958 |
|
|
|a NB
|
| 958 |
|
|
|a MI
|
| 958 |
|
|
|a RK
|
| 958 |
|
|
|a EUIPO
|
| 992 |
|
|
|a RBX
|
| 999 |
|
|
|c 2835224
|d 2837154
|